Statystyki dla Miasta na litere S w województwie mazowieckim #5

Kliknij tutaj aby rozwiązać quiz!

Ogólne statystyki

  • Ten quiz został rozwiązany 20 razy
  • Średni wynik to 6 z 11

Statystyki odpowiedzi

LMNazwa% Poprawnych
76 005Siedlce
100%
33 698Sochaczew
95%
19 231Sokołów Podlaski
75%
21 253Sulejówek
70%
11 837Szydłowiec
65%
4 755Serock
60%
17 962Sierpc
55%
4 346Skaryszew
35%
1 900Sochocin
30%
939Solec nad Wisłą
30%
1 776Sanniki
25%

Rozkład punktacji

Percentyl według liczby udzielonych odpowiedzi

Procent ludzi z każdym wynikiem

Twoja historia wyników

Nie rozwiązałeś tego quizu